LEADER 01170cam0-22004211i-450- 001 990007043520403321 005 20080221130427.0 010 $a88-343-6919-X$bvol. 1 010 $a88-343-6922-X$bvol. 2 035 $a000704352 035 $aFED01000704352 035 $a(Aleph)000704352FED01 035 $a000704352 100 $a20020207d1996----km-y0itay50------ba 101 0 $aita 102 $aIT 105 $aak--jaio001cy 200 1 $aManuale di bioetica$fElio Sgreccia 205 $aNuova ed. aggiornata e ampliata 210 $aMilano$cVita e pensiero$d1996 215 $a2 v. (734; 596 p.)$d24 cm 225 1 $aTrattati e manuali 327 1 $a1.: Fondamenti ed etica biomedica$a2.: Aspetti medico-sociali 610 0 $aBioetica 676 $a177 676 $a304 676 $a174 700 1$aSgreccia,$bElio$0230993 801 0$aIT$bUNINA$gRICA$2UNIMARC 901 $aBK 912 $a990007043520403321 952 $aP.1 FRM 719$bBibl. 27439$fFLFBC 952 $aA-I-A-131A$b7993 dip.$fDDRC 952 $aA-I-A-131B$b8026 dip.$fDDRC 959 $aFLFBC 959 $aDDRC 996 $aManuale di bioetica$9252397 997 $aUNINA LEADER 00844nam0 22002771i 450 001 990006280600403321 005 19980601 035 $a000628060 035 $aFED01000628060 035 $a(Aleph)000628060FED01 035 $a000628060 100 $a19980601g19489999km-y0itay50------ba 105 $a--------00-yy 200 1 $aProgramma di Ricostruzione Europea (E.R.P.). 210 $aRoma$cTipografia della Bussola$d1948- 215 $av.$d24 cm 676 $a355.028 710 02$aComitato interministeriale per la ricostruzione$0237224 801 0$aIT$bUNINA$gRICA$2UNIMARC 901 $aBK 912 $a990006280600403321 951 $aXV P 39$bv.schedone$eBiblioteca Centrale della Facoltą di Giurisprudenza$fFGBC 959 $aFGBC 996 $aProgramma di Ricostruzione Europea (E.R.P.)$9639799 997 $aUNINA DB $aGIU01 LEADER 00888nam a2200277 i 4500 001 991001735359707536 005 20230705145852.0 008 000403s1994 it ||| | ita 020 $a881318834X 035 $ab11556547-39ule_inst 035 $aLE02724136 040 $aDip.to Studi Giuridici$bita 082 04$a346.4506648 082 04$a657.3 084 $aCM-XII/C 100 1 $aTantini, Giovanni$0228573 245 13$aIl bilancio d'esercizio /$cGiovanni Tantini 260 $aPadova :$bCEDAM,$c1994 300 $ax, 148 p. ;$c24 cm 650 4$aBilancio$xLegislazione 907 $a.b11556547$b21-09-06$c02-07-02 912 $a991001735359707536 945 $aLE027 CM-XII/C 26$g1$iLE027CL-2501$lle027$o-$pE0.00$q-$rl$s-$t0$u0$v0$w0$x0$y.i11757802$z02-07-02 996 $aBilancio d'esercizio$9687952 997 $aUNISALENTO 998 $ale027$b01-01-00$cm$da$e-$fita$git$h3$i1 LEADER 05405nam 22008655 450 001 9910484435103321 005 20251226203335.0 010 $a3-642-01715-0 024 7 $a10.1007/978-3-642-01715-5 035 $a(CKB)1000000000746050 035 $a(SSID)ssj0000318570 035 $a(PQKBManifestationID)11222291 035 $a(PQKBTitleCode)TC0000318570 035 $a(PQKBWorkID)10311615 035 $a(PQKB)10945047 035 $a(DE-He213)978-3-642-01715-5 035 $a(MiAaPQ)EBC3064193 035 $a(PPN)136301045 035 $a(EXLCZ)991000000000746050 100 $a20100301d2009 u| 0 101 0 $aeng 135 $aurnn|008mamaa 181 $ctxt 182 $cc 183 $acr 200 10$aKnowledge Acquisition: Approaches, Algorithms and Applications $ePacific Rim Knowledge Acquisition Workshop, PKAW 2008, Hanoi, Vietnam, December 15-16, 2008, Revised Selected Papers /$fedited by Debbie Richards, Byeong-Ho Kang 205 $a1st ed. 2009. 210 1$aBerlin, Heidelberg :$cSpringer Berlin Heidelberg :$cImprint: Springer,$d2009. 215 $a1 online resource (X, 243 p.) 225 1 $aLecture Notes in Artificial Intelligence,$x2945-9141 ;$v5465 300 $aBibliographic Level Mode of Issuance: Monograph 311 08$a3-642-01714-2 320 $aIncludes bibliographical references and index. 327 $aMachine Learning and Data Mining -- Experiments with Adaptive Transfer Rate in Reinforcement Learning -- Clustering over Evolving Data Streams Based on Online Recent-Biased Approximation -- Automatic Database Creation and Object?s Model Learning -- Finding the Most Interesting Association Rules by Aggregating Objective Interestingness Measures -- Pruning Strategies Based on the Upper Bound of Information Gain for Discriminative Subgraph Mining -- A Novel Classification Algorithm Based on Association Rules Mining -- Incremental Knowledge Acquisition -- Multiple Classification Ripple Round Rules: A Preliminary Study -- Generalising Symbolic Knowledge in Online Classification and Prediction -- Web-Based Techniques and Application -- Using Formal Concept Analysis towards Cooperative E-Learning -- Navigation and Annotation with Formal Concept Analysis -- What Does an Information Diffusion Model Tell about Social Network Structure? -- Web Mining for Malaysia?s Political Social Networks Using Artificial Immune System -- Accessing Touristic Knowledge Bases through a Natural Language Interface -- ItemSpider: Social Networking Service That Extracts Personal Character from Individual?s Book Information -- Acquiring Marketing Knowledge from Internet Bulletin Boards -- Domain Specific Knowledge Acquisition Methods and Applications -- A Design for Library Marketing System and Its Possible Applications -- Knowledge Audit on Special Children Communities -- A Dance Synthesis System Using Motion Capture Data -- Discovering Areas of Expertise from Publication Data -- Facial Feature Extraction Using Geometric Feature and Independent Component Analysis. 330 $aThis book constitutes the thoroughly refereed post-workshop proceedings of the 2008 Pacific Rim Knowledge Acquisition Workshop, PKAW 2008, held in Hanoi, Vietnam, in December 2008 as part of 10th Pacific Rim International Conference on Artificial Intelligence, PRICAI 2008. The 20 revised papers presented were carefully reviewed and selected from 57 submissions and went through two rounds of reviewing and improvement. The papers are organized in topical sections on machine learning and data mining, incremental knowledge acquisition, web-based techniques and applications, as well as domain specific knowledge acquisition methods and applications. 410 0$aLecture Notes in Artificial Intelligence,$x2945-9141 ;$v5465 606 $aArtificial intelligence 606 $aData mining 606 $aData structures (Computer science) 606 $aInformation theory 606 $aInformation storage and retrieval systems 606 $aApplication software 606 $aDatabase management 606 $aArtificial Intelligence 606 $aData Mining and Knowledge Discovery 606 $aData Structures and Information Theory 606 $aInformation Storage and Retrieval 606 $aComputer and Information Systems Applications 606 $aDatabase Management 615 0$aArtificial intelligence. 615 0$aData mining. 615 0$aData structures (Computer science) 615 0$aInformation theory. 615 0$aInformation storage and retrieval systems. 615 0$aApplication software. 615 0$aDatabase management. 615 14$aArtificial Intelligence. 615 24$aData Mining and Knowledge Discovery. 615 24$aData Structures and Information Theory. 615 24$aInformation Storage and Retrieval. 615 24$aComputer and Information Systems Applications. 615 24$aDatabase Management. 676 $a006.331 686 $aDAT 703f$2stub 686 $aSS 4800$2rvk 701 $aRichards$b Debbie$01752861 701 $aKang$b Byeong-Ho$01437778 712 12$aPacific Rim Knowledge Acquisition Workshop 801 0$bMiAaPQ 801 1$bMiAaPQ 801 2$bMiAaPQ 906 $aBOOK 912 $a9910484435103321 996 $aKnowledge acquisition : approaches algorithms and applications$94192792 997 $aUNINA